20 highest mountains of the Alps - Statistics

General Stats
  • This quiz has been taken 90 times
  • The average score is 5 of 20
Answer Stats
Height Mountain % Correct
4809m Mont Blanc
100%
4478m Matterhorn
88%
4634m Dufourspitze
60%
4546m Dom
37%
4505m Weisshorn
35%
4357m Dent Blanche
26%
4748m Mont Blanc de Courmayeur
22%
4309m Grand Combin
21%
4608m Nordend
21%
4491m Täschhorn
19%
4563m Zumsteinspitze
18%
4554m Signalkuppe
18%
4465m Mont Maudit
15%
4327m Nadelhorn
15%
4341m Ludwigshöhe
12%
4434m Parrotspitze
12%
4321m Corno Nero
6%
4532m Lyskamm (Eastern Summit)
4%
4479m Lyskamm (Western Summit)
4%
4469m Picco Luigi Amedeo
4%
No matching quizzes found
Score Distribution
Percent of People with Each Score
Percentile by Number Answered
Your Score History
You have not taken this quiz